000 00811nam a2200241 i 4500
001 bg
100 1 _aŻENKIEWICZ, Marian
245 1 0 _aPrzetwórstwo tworzyw wielkocząsteczkowych :
_bcharakterystyka, podstawy fizyczne, metody /
_cMarian Żenkiewicz.
260 _aBydgoszcz :
_bWydaw. Akademii Bydgoskiej im. Kazimierza Wielkiego,
_c2002.
300 _a209 s. :
_bil. ;
_c21 cm.
504 _aBibliogr.
650 9 _aTworzywa sztuczne
_xtechnologia
655 _aPodręczniki akademickie
015 _aPB 9797/2002
020 _a8370964222
040 _cBPK
041 0 _apol
080 _a678.02(075.8)
920 _a83-7096-422-2
942 _cKS
008 s pl f |000 0 pol
999 _c51695
_d51695
856 _uhttp://koha.tu.koszalin.pl/cgi-bin/koha/opac-detail.pl?biblionumber=51695
_yKatalog online BPK